<?xml version='1.0' encoding='UTF-8'?>
  <record xmlns="http://www.loc.gov/MARC21/slim">
    <leader>00000cam a22000007i 4500</leader>
    <controlfield tag="001">ocm67857276</controlfield>
    <controlfield tag="003">OCoLC</controlfield>
    <controlfield tag="005">20251009202153.4</controlfield>
    <controlfield tag="008">990421s1590    xx            000 0 ger d</controlfield>
    <datafield tag="040" ind1=" " ind2=" ">
      <subfield code="a">NLGGC</subfield>
      <subfield code="b">eng</subfield>
      <subfield code="e">rda</subfield>
      <subfield code="e">dcrmb</subfield>
      <subfield code="c">NLGGC</subfield>
      <subfield code="d">QGJ</subfield>
      <subfield code="d">OCLCL</subfield>
      <subfield code="d">OCLCQ</subfield>
    </datafield>
    <datafield tag="029" ind1="0" ind2=" ">
      <subfield code="a">NLGGC</subfield>
      <subfield code="b">182148149</subfield>
    </datafield>
    <datafield tag="035" ind1=" " ind2=" ">
      <subfield code="a">(OCoLC)67857276</subfield>
    </datafield>
    <datafield tag="041" ind1="1" ind2=" ">
      <subfield code="a">ger</subfield>
      <subfield code="h">fre</subfield>
    </datafield>
    <datafield tag="110" ind1="1" ind2=" ">
      <subfield code="a">France.</subfield>
      <subfield code="b">Sovereign (1589-1610 : Henry IV),</subfield>
      <subfield code="e">author.</subfield>
      <subfield code="4">aut</subfield>
    </datafield>
    <datafield tag="245" ind1="1" ind2="0">
      <subfield code="a">Declaration oder Erklärung Kön. May. zu Franckreich und Navarren :</subfield>
      <subfield code="b">auss was Ursachen ihr Kön. Mayt. die General Versammlung der Fürsten, Cardinäl, Hertzogen und Paren inn Franckreich, so wol der Geistlichen als Weltlichen der Cron Franckreich Officiern, Herrn von der Ritterschafft und anderer auff den 15. May zukünfftig prorogiert und verschoben hat : auch was ihr Kön. Mayt. vor Stedt und Schlösser mit Gewalt oder durch Ergebung einbekommen nach der Zeit als der Hertzog von Maine von Diepe abgewichen /</subfield>
      <subfield code="c">aus dem Frantzösischen Exemplar in Hochteutsch ubergesetzt.</subfield>
    </datafield>
    <datafield tag="246" ind1="3" ind2=" ">
      <subfield code="a">Auss was Ursachen ihr Kön. Mayt. die General Versammlung der Fürsten, Cardinäl, Hertzogen und Paren inn Franckreich, so wol der Geistlichen als Weltlichen der Cron Franckreich Officiern, Herrn von der Ritterschafft und anderer auff den 15. May zukünfftig prorogiert und verschoben hat</subfield>
    </datafield>
    <datafield tag="264" ind1=" " ind2="1">
      <subfield code="a">[Place of publication not identified] :</subfield>
      <subfield code="b">[publisher not identified],</subfield>
      <subfield code="c">Im Jahr Christi MD.LXXXX. [1590]</subfield>
    </datafield>
    <datafield tag="300" ind1=" " ind2=" ">
      <subfield code="a">[8] pages :</subfield>
      <subfield code="b">illustration ;</subfield>
      <subfield code="c">4to</subfield>
    </datafield>
    <datafield tag="336" ind1=" " ind2=" ">
      <subfield code="a">text</subfield>
      <subfield code="b">txt</subfield>
      <subfield code="2">rdacontent</subfield>
    </datafield>
    <datafield tag="337" ind1=" " ind2=" ">
      <subfield code="a">unmediated</subfield>
      <subfield code="b">n</subfield>
      <subfield code="2">rdamedia</subfield>
    </datafield>
    <datafield tag="338" ind1=" " ind2=" ">
      <subfield code="a">volume</subfield>
      <subfield code="b">nc</subfield>
      <subfield code="2">rdacarrier</subfield>
    </datafield>
    <datafield tag="340" ind1=" " ind2=" ">
      <subfield code="m">4to</subfield>
      <subfield code="2">rdabf</subfield>
    </datafield>
    <datafield tag="500" ind1=" " ind2=" ">
      <subfield code="a">Signatures: A⁴.</subfield>
    </datafield>
    <datafield tag="500" ind1=" " ind2=" ">
      <subfield code="a">According to Van Someren possibly printed by Wilhelm Lutzenkirchen in Cologne.</subfield>
    </datafield>
    <datafield tag="510" ind1="4" ind2=" ">
      <subfield code="a">Verzeichnis der im deutschen Sprachbereich erschienenen Drucke des 16. Jahrhunderts (VD 16),</subfield>
      <subfield code="c">ZV 6081</subfield>
    </datafield>
    <datafield tag="510" ind1="4" ind2=" ">
      <subfield code="a">Van Someren,</subfield>
      <subfield code="c">437</subfield>
    </datafield>
    <datafield tag="700" ind1="1" ind2=" ">
      <subfield code="a">Lützenkirchen, Wilhelm,</subfield>
      <subfield code="d">active 1586-1634,</subfield>
      <subfield code="e">printer,</subfield>
      <subfield code="e">attributed name.</subfield>
      <subfield code="4">prt</subfield>
      <subfield code="4">att</subfield>
      <subfield code="1">https://id.oclc.org/worldcat/entity/E39PCjvMkf3W6fxXhG33F47W6q</subfield>
    </datafield>
    <datafield tag="758" ind1=" " ind2=" ">
      <subfield code="i">has work:</subfield>
      <subfield code="a">Declaration oder Erklärung Kön. May. zu Franckreich und Navarren (Text)</subfield>
      <subfield code="1">https://id.oclc.org/worldcat/entity/E39PCFxDCqY6w9dktm8QKx7gyq</subfield>
      <subfield code="4">https://id.oclc.org/worldcat/ontology/hasWork</subfield>
    </datafield>
    <datafield tag="936" ind1=" " ind2=" ">
      <subfield code="a">BATCHLOAD</subfield>
    </datafield>
  </record>